[Event "Asian-ch Seniors 65"]
[Site "Auckland"]
[Date "2022.10.18"]
[Round "6"]
[White "Marko, Helmut"]
[Black "Taylor, Richard"]
[Result "1/2-1/2"]
[WhiteElo "1882"]
[BlackElo "1757"]
[PlyCount "81"]
[EventDate "2022.10.15"]
[EventType "swiss"]
[EventRounds "9"]
[EventCountry "NZL"]
[SourceTitle "EXT 2024"]
[Source "ChessBase"]
[SourceDate "2023.10.10"]
[SourceVersion "1"]
[SourceVersionDate "2023.10.10"]
[SourceQuality "1"]

1. e4 c5 2. Nf3 d6 3. d4 cxd4 4. Nxd4 Nf6 5. Nc3 a6 6. Be2 e5 7. Nb3 Be7 8. 0-0 Nc6 9. Be3 Be6 10. f3 0-0 11. a3 b5 12. Nd5 Bxd5 13. exd5 Na5 14. Nxa5 Qxa5 15. c4 bxc4 16. Bxc4 Qc7 17. Qd3 Qb7 18. b4 Rfc8 19. Rfc1 Bd8 20. Bb3 Bb6 21. Bf2 Bxf2+ 22. Kxf2 Qb6+ 23. Ke2 g6 24. Ba4 Rc7 25. Rxc7 Qxc7 26. Bc6 Ra7 27. a4 Qb6 28. Rb1 Re7 29. Qe3 Qd8 30. Kf1 e4 31. Qd4 exf3 32. gxf3 Re5 33. Re1 Rf5 34. Kg2 Nd7 35. f4 g5 36. fxg5 Rxg5+ 37. Kh1 Ne5 38. Rf1 Rg6 39. Qf2 Qg5 40. Be8 Qe7 41. Bc6 1/2-1/2

[Event "Asian-ch Seniors 65"]
[Site "Auckland"]
[Date "2022.10.17"]
[Round "4"]
[White "Cooper, Nigel"]
[Black "Taylor, Richard"]
[Result "0-1"]
[WhiteElo "1515"]
[BlackElo "1757"]
[PlyCount "62"]
[EventDate "2022.10.15"]
[EventType "swiss"]
[EventRounds "9"]
[EventCountry "NZL"]
[SourceTitle "EXT 2024"]
[Source "ChessBase"]
[SourceDate "2023.10.10"]
[SourceVersion "1"]
[SourceVersionDate "2023.10.10"]
[SourceQuality "1"]

1. Nc3 d5 2. d4 Nf6 3. Bf4 a6 4. e3 Bf5 5. Nf3 e6 6. Ne5 Bb4 7. g4 Bg6 8. f3 Nbd7 9. h4 h5 10. Nxg6 fxg6 11. Qd3 Nf8 12. g5 N6d7 13. a3 Be7 14. Bh3 Kf7 15. Ne2 Kg8 16. b4 Kh7 17. Ng3 Kg8 18. e4 Qe8 19. Bxc7 Rc8 20. Bf4 Nb6 21. 0-0 Qf7 22. Bd2 Rc6 23. a4 Nc4 24. Bc1 Bxb4 25. f4 Nd6 26. exd5 exd5 27. Bd2 Bxd2 28. Qxd2 Qc7 29. Ra2 Nd7 30. f5 Rc3 31. Kg2 Rxg3+ 0-1

[Event "Asian-ch Seniors 65"]
[Site "Auckland"]
[Date "2022.10.15"]
[Round "2"]
[White "Taylor, Richard"]
[Black "Lee, Wing Kin"]
[Result "1-0"]
[WhiteElo "1757"]
[BlackElo "1200"]
[PlyCount "47"]
[EventDate "2022.10.15"]
[EventType "swiss"]
[EventRounds "9"]
[EventCountry "NZL"]
[SourceTitle "EXT 2024"]
[Source "ChessBase"]
[SourceDate "2023.10.10"]
[SourceVersion "1"]
[SourceVersionDate "2023.10.10"]
[SourceQuality "1"]

1. e4 b6 2. d4 Bb7 3. Nc3 e6 4. Nf3 Bb4 5. Bd3 Nf6 6. Qe2 d5 7. exd5 Bxc3+ 8. bxc3 Bxd5 9. c4 Bb7 10. 0-0 0-0 11. c3 Nbd7 12. Bg5 h6 13. Bh4 Re8 14. Ne5 g5 15. Bg3 c5 16. f4 Nxe5 17. fxe5 Nd7 18. Qh5 Qe7 19. Qxh6 Nf8 20. Rf6 Red8 21. Qxg5+ Ng6 22. Rxg6+ fxg6 23. Qxe7 Bc6 24. Qxe6+ 1-0

[Event "Auckland Stuart Memorial op"]
[Site "Auckland"]
[Date "2022.06.25"]
[Round "4"]
[White "Taylor, Richard"]
[Black "Liu, William Rui"]
[Result "0-1"]
[WhiteElo "1792"]
[BlackElo "1535"]
[PlyCount "100"]
[EventDate "2022.06.24"]
[EventType "swiss"]
[EventRounds "6"]
[EventCountry "NZL"]
[SourceTitle "EXT 2024"]
[Source "ChessBase"]
[SourceDate "2023.10.10"]
[SourceVersion "1"]
[SourceVersionDate "2023.10.10"]
[SourceQuality "1"]

1. e4 c5 2. Nf3 Nc6 3. d4 cxd4 4. Nxd4 g6 5. Be3 Bg7 6. Nc3 Nf6 7. Bc4 Qa5 8. Nxc6 bxc6 9. 0-0 0-0 10. f3 Bb7 11. Bb3 d5 12. e5 Nd7 13. f4 Rad8 14. Qg4 Nb6 15. Ne2 c5 16. c3 e6 17. Rad1 Ba6 18. Rf2 Bc4 19. Ng3 Qb5 20. Bxc4 Nxc4 21. Bc1 Rd7 22. b3 Nb6 23. Rfd2 Rfd8 24. h4 c4 25. bxc4 Nxc4 26. Rd4 Qa5 27. Qe2 Qxc3 28. R4d3 Qa5 29. h5 Rb7 30. Kh2 Rb1 31. Qc2 Rdb8 32. Ne2 Bf8 33. Rb3 R1xb3 34. axb3 Na3 35. Bxa3 Qxa3 36. Rd3 Qc5 37. Qd2 Qf2 38. Rf3 Qb6 39. Nd4 Bc5 40. Ne2 Qb4 41. Qc2 Rb5 42. h6 Bf8 43. Rh3 Rc5 44. Qd3 Qb5 45. Qf3 Qb4 46. Qe3 Rc2 47. Nd4 Rb2 48. Nf3 Rxb3 49. Qc1 Rc3 50. Qd2 Rxf3 0-1

[Event "NZL-ch Seniors"]
[Site "Auckland"]
[Date "2020.11.29"]
[Round "6"]
[White "Taylor, Richard"]
[Black "Smith, Robert Wayne"]
[Result "1-0"]
[WhiteElo "1840"]
[BlackElo "2148"]
[PlyCount "61"]
[EventDate "2020.11.26"]
[EventType "swiss"]
[EventRounds "6"]
[EventCountry "NZL"]
[SourceTitle "EXT 2024"]
[Source "ChessBase"]
[SourceDate "2023.10.10"]
[SourceVersion "1"]
[SourceVersionDate "2023.10.10"]
[SourceQuality "1"]

1. e4 c6 2. d4 d5 3. Nc3 dxe4 4. Nxe4 Nd7 5. Nf3 Ngf6 6. Ng3 e6 7. Bc4 Nb6 8. Bd3 c5 9. 0-0 Be7 10. c3 0-0 11. Bg5 cxd4 12. cxd4 Nbd5 13. a3 b6 14. Re1 Bb7 15. Qe2 Rc8 16. Rad1 Qc7 17. Ne5 Bd6 18. Bb1 g6 19. h4 Kg7 20. h5 Rfe8 21. hxg6 hxg6 22. Rc1 Qb8 23. Qd3 Rxc1 24. Bxc1 Bxe5 25. dxe5 Nd7 26. Nh5+ Kg8 27. Qd2 Nxe5 28. Qh6 gxh5 29. Bh7+ Kh8 30. Rxe5 Qc7 31. Be4+ 1-0

[Event "NZL-ch Seniors"]
[Site "Auckland"]
[Date "2020.11.26"]
[Round "1"]
[White "Cramp, Murray"]
[Black "Taylor, Richard"]
[Result "0-1"]
[WhiteElo "980"]
[BlackElo "1840"]
[PlyCount "66"]
[EventDate "2020.11.26"]
[EventType "swiss"]
[EventRounds "6"]
[EventCountry "NZL"]
[SourceTitle "EXT 2024"]
[Source "ChessBase"]
[SourceDate "2023.10.10"]
[SourceVersion "1"]
[SourceVersionDate "2023.10.10"]
[SourceQuality "1"]

1. e4 c5 2. Nf3 d6 3. Bb5+ Bd7 4. Bxd7+ Nxd7 5. c4 Ngf6 6. Nc3 g6 7. 0-0 Bg7 8. Re1 0-0 9. d4 cxd4 10. Nxd4 Rc8 11. b3 a6 12. Be3 b5 13. Rc1 bxc4 14. f3 Ne5 15. bxc4 Nxc4 16. Qa4 Nxe3 17. Rxe3 Qb6 18. Nce2 Rxc1+ 19. Nxc1 Bh6 20. Rb3 Qa7 21. Nce2 e5 22. Kf1 exd4 23. Nxd4 Nd7 24. Ne2 Nc5 25. Qd4 Qc7 26. Qc4 Qe7 27. Rb1 Qe5 28. Rd1 Qxh2 29. Rd5 Qh1+ 30. Kf2 Qh4+ 31. g3 Qh2+ 32. Ke1 Be3 33. Kf1 Qh1+ 0-1

[Event "Oceania & NZL-ch Seniors"]
[Site "Auckland"]
[Date "2019.07.14"]
[Round "4"]
[White "McLaren, Leonard"]
[Black "Taylor, Richard"]
[Result "1-0"]
[WhiteElo "2173"]
[BlackElo "1815"]
[PlyCount "63"]
[EventDate "2019.07.12"]
[EventType "swiss"]
[EventRounds "6"]
[EventCountry "NZL"]
[SourceTitle "EXT 2023"]
[Source "ChessBase"]
[SourceDate "2022.10.05"]
[SourceVersion "1"]
[SourceVersionDate "2022.10.05"]
[SourceQuality "1"]

1. e4 c5 2. Nf3 d6 3. Bb5+ Bd7 4. Bxd7+ Qxd7 5. 0-0 Nc6 6. c3 Nf6 7. Qe2 e6 8. d4 cxd4 9. cxd4 Be7 10. Nc3 0-0 11. Rd1 Rfe8 12. h3 a6 13. Be3 Rac8 14. Rac1 b5 15. Qd3 Na5 16. b3 b4 17. Ne2 Qb7 18. d5 exd5 19. exd5 Nd7 20. Ng3 Bf8 21. Nf5 Ne5 22. Nxe5 Rxe5 23. Bf4 Rxc1 24. Bxc1 g6 25. Nh6+ Kh8 26. Ng4 Rf5 27. Ne3 Rh5 28. Bb2+ Bg7 29. Qc2 Qd7 30. Rc1 Bxb2 31. Qxb2+ Kg8 32. Ng4 1-0

[Event "Oceania & NZL-ch Seniors"]
[Site "Auckland"]
[Date "2019.07.12"]
[Round "1"]
[White "Steadman, Michael VR"]
[Black "Taylor, Richard"]
[Result "1-0"]
[WhiteElo "2283"]
[BlackElo "1815"]
[PlyCount "115"]
[EventDate "2019.07.12"]
[EventType "swiss"]
[EventRounds "6"]
[EventCountry "NZL"]
[SourceTitle "EXT 2023"]
[Source "ChessBase"]
[SourceDate "2022.10.05"]
[SourceVersion "1"]
[SourceVersionDate "2022.10.05"]
[SourceQuality "1"]

1. e4 c5 2. Nf3 d6 3. d4 cxd4 4. Nxd4 Nf6 5. Nc3 a6 6. g3 Nc6 7. Bg2 Bd7 8. a4 g6 9. 0-0 Bg7 10. h3 Nxd4 11. Qxd4 Qc8 12. Nd5 Qd8 13. Bg5 Bc6 14. Nxf6+ exf6 15. Bf4 0-0 16. Bxd6 f5 17. Qb4 Re8 18. exf5 Bxg2 19. Kxg2 a5 20. Qa3 Rc8 21. fxg6 hxg6 22. c3 Qd7 23. Rfe1 Qc6+ 24. Kg1 Qf3 25. Qb3 Bd4 26. Qc2 Bb6 27. Bf4 g5 28. Be3 Rxe3 29. fxe3 Bxe3+ 30. Rxe3 Qxe3+ 31. Qf2 Qe6 32. Re1 Qg6 33. Qd4 Qf5 34. Qe5 Rc5 35. Qxf5 Rxf5 36. Re8+ Kg7 37. Rb8 Rc5 38. Rxb7 Rc4 39. Rb5 Rxa4 40. Rxg5+ Kh6 41. Rb5 Ra1+ 42. Kf2 a4 43. g4 Rd1 44. Kg3 a3 45. bxa3 Rd3+ 46. Kf4 Rxc3 47. Ra5 Kg6 48. h4 Rc4+ 49. Kf3 Rc3+ 50. Ke2 Rc4 51. h5+ Kg7 52. Kf3 f6 53. Ra7+ Kh6 54. a4 Rc3+ 55. Kf4 Rc1 56. a5 Rf1+ 57. Ke4 Kg5 58. Rg7+ 1-0

[Event "George Trundle Reserves"]
[Site "Auckland"]
[Date "2019.01.05"]
[Round "3"]
[White "Gold, Hamish R"]
[Black "Taylor, Richard"]
[Result "1-0"]
[WhiteElo "1752"]
[BlackElo "1821"]
[PlyCount "67"]
[EventDate "2019.01.04"]
[EventType "tourn"]
[EventRounds "9"]
[EventCountry "NZL"]
[SourceTitle "CBM 189 Extra"]
[Source "ChessBase"]
[SourceDate "2019.05.31"]
[SourceVersion "1"]
[SourceVersionDate "2019.05.31"]
[SourceQuality "1"]

1. d4 Nf6 2. Nf3 d6 3. Bf4 Nbd7 4. c4 g6 5. Nc3 Bg7 6. e3 0-0 7. Rc1 a6 8. Be2 c6 9. a4 Qa5 10. 0-0 Nh5 11. Re1 e5 12. Bg3 Nxg3 13. hxg3 f5 14. Ng5 Nf6 15. Qb3 e4 16. Qa3 h6 17. Nh3 Qc7 18. b4 g5 19. b5 f4 20. g4 Bxg4 21. Bxg4 Nxg4 22. Nxe4 fxe3 23. fxe3 Rad8 24. b6 Qe7 25. Nhf2 h5 26. Qb3 c5 27. Qd3 Qf7 28. Nxg4 hxg4 29. Rf1 Qh5 30. Rxf8+ Rxf8 31. dxc5 dxc5 32. Qd5+ Qf7 33. Qxc5 Kh8 34. Qxg5 1-0

[Event "George Trundle Reserves"]
[Site "Auckland"]
[Date "2019.01.04"]
[Round "1"]
[White "MacDonald, Paul"]
[Black "Taylor, Richard"]
[Result "0-1"]
[WhiteElo "1953"]
[BlackElo "1821"]
[PlyCount "64"]
[EventDate "2019.01.04"]
[EventType "tourn"]
[EventRounds "9"]
[EventCountry "NZL"]
[SourceTitle "CBM 189 Extra"]
[Source "ChessBase"]
[SourceDate "2019.05.31"]
[SourceVersion "1"]
[SourceVersionDate "2019.05.31"]
[SourceQuality "1"]

1. e4 c5 2. b3 Nc6 3. Bb2 d6 4. Bb5 Bd7 5. a4 e6 6. Nf3 Qc7 7. 0-0 Nf6 8. Re1 Be7 9. Na3 0-0 10. Bf1 a6 11. h3 Rfe8 12. d3 e5 13. Nc4 b5 14. Ne3 Be6 15. Ng5 Qd7 16. Nxe6 Qxe6 17. g3 Bf8 18. Bg2 Nd4 19. Kh2 g6 20. f4 exf4 21. gxf4 Nh5 22. Nd5 Rac8 23. Qg4 f5 24. exf5 Qxf5 25. Be4 Qf7 26. f5 Bg7 27. fxg6 Qf2+ 28. Qg2 Be5+ 29. Kh1 Ng3+ 30. Kh2 Nxe4+ 31. Kh1 Ng3+ 32. Kh2 Nf3# 0-1

[Event "George Trundle Reserves"]
[Site "Auckland"]
[Date "2019.01.04"]
[Round "2"]
[White "Taylor, Richard"]
[Black "Aman, Chahal"]
[Result "0-1"]
[WhiteElo "1821"]
[BlackElo "1762"]
[PlyCount "50"]
[EventDate "2019.01.04"]
[EventType "tourn"]
[EventRounds "9"]
[EventCountry "NZL"]
[SourceTitle "CBM 189 Extra"]
[Source "ChessBase"]
[SourceDate "2019.05.31"]
[SourceVersion "1"]
[SourceVersionDate "2019.05.31"]
[SourceQuality "1"]

1. e4 e6 2. d4 d5 3. Nd2 h6 4. Bd3 c5 5. dxc5 Bxc5 6. Ngf3 Nf6 7. exd5 exd5 8. 0-0 0-0 9. Nb3 Bd6 10. h3 Nc6 11. c3 Re8 12. Be3 Qc7 13. Re1 a6 14. Qc2 Bd7 15. Rad1 Rac8 16. Qd2 Ne5 17. Nxe5 Bxe5 18. Nc5 Bc6 19. Bf5 Rcd8 20. Nd3 d4 21. cxd4 Bxd4 22. Bxd4 Rxd4 23. Rxe8+ Bxe8 24. Qe3 Qd6 25. Re1 Bd7 0-1

[Event "Asia-ch Seniors 65 8th"]
[Site "Auckland"]
[Date "2017.10.11"]
[Round "4"]
[White "Booth, Anthony"]
[Black "Taylor, Richard"]
[Result "0-1"]
[WhiteElo "1730"]
[BlackElo "1845"]
[PlyCount "68"]
[EventDate "2017.10.09"]
[EventType "swiss"]
[EventRounds "9"]
[EventCountry "NZL"]
[SourceTitle "CBM 181 Extra"]
[Source "ChessBase"]
[SourceDate "2017.12.12"]
[SourceVersion "1"]
[SourceVersionDate "2017.12.12"]
[SourceQuality "1"]

1. d4 Nf6 2. c4 e6 3. Nc3 Bb4 4. Bd2 0-0 5. Qc2 d5 6. e3 b6 7. 0-0-0 Bb7 8. f3 Nbd7 9. a3 Bxc3 10. Bxc3 c5 11. dxc5 Nxc5 12. Nh3 h6 13. Nf4 Rc8 14. b3 Qe7 15. Kb2 Rfd8 16. b4 Na6 17. Bxf6 Qxf6+ 18. Kb3 d4 19. Bd3 b5 20. Ne2 bxc4+ 21. Bxc4 Rxc4 22. Qxc4 Bd5 23. Nxd4 Bxc4+ 24. Kxc4 e5 25. Ne2 Qe6+ 26. Kc3 Rc8+ 27. Kb2 Qc4 28. Rd2 Qb5 29. Rhd1 Kh7 30. Ng3 Nxb4 31. axb4 Qxb4+ 32. Ka1 Qa3+ 33. Ra2 Rc1+ 34. Rxc1 Qxc1# 0-1

[Event "Asia-ch Seniors 65 8th"]
[Site "Auckland"]
[Date "2017.10.09"]
[Round "1"]
[White "Taylor, Richard"]
[Black "Cooper, Nigel"]
[Result "0-1"]
[WhiteElo "1845"]
[BlackElo "1670"]
[PlyCount "58"]
[EventDate "2017.10.09"]
[EventType "swiss"]
[EventRounds "9"]
[EventCountry "NZL"]
[SourceTitle "CBM 181 Extra"]
[Source "ChessBase"]
[SourceDate "2017.12.12"]
[SourceVersion "1"]
[SourceVersionDate "2017.12.12"]
[SourceQuality "1"]

1. e4 d5 2. exd5 Nf6 3. d4 Bg4 4. f3 Bf5 5. Bb5+ Nbd7 6. Ne2 Nxd5 7. Ng3 Bg6 8. 0-0 e6 9. a3 Be7 10. Ba4 0-0 11. c4 N5f6 12. Nc3 Nb6 13. Bb3 c5 14. dxc5 Bxc5+ 15. Kh1 Bd3 16. Re1 Bf2 17. Bg5 Bxe1 18. Qxe1 h6 19. Bxh6 gxh6 20. Rd1 Qd4 21. Qd2 Nxc4 22. Bxc4 Qxc4 23. Qxh6 Bg6 24. h4 Rad8 25. Rc1 Qd4 26. Nce2 Qd2 27. Nf4 Qxc1+ 28. Kh2 Rd4 29. Nge2 Qe3 0-1

[Event "Oceania zt 3.6"]
[Site "Auckland"]
[Date "2017.01.20"]
[Round "9"]
[White "Shen, Kevin"]
[Black "Taylor, Richard"]
[Result "0-1"]
[WhiteElo "1672"]
[BlackElo "1848"]
[PlyCount "96"]
[EventDate "2017.01.14"]
[EventType "swiss"]
[EventRounds "9"]
[EventCountry "NZL"]
[SourceTitle "EXT 2018"]
[Source "ChessBase"]
[SourceDate "2017.10.13"]
[SourceVersion "1"]
[SourceVersionDate "2017.10.13"]
[SourceQuality "1"]

1. e3 d6 2. c4 g6 3. d4 Bg7 4. Nc3 Nc6 5. f4 Nf6 6. d5 Nb8 7. e4 Nbd7 8. Be3 0-0 9. Bd3 e6 10. h3 exd5 11. cxd5 Re8 12. Qc2 Nb6 13. Nge2 Nbxd5 14. Bd2 Nb4 15. Qb1 Nxd3+ 16. Qxd3 Nxe4 17. Nxe4 Bf5 18. N2c3 Bxe4 19. Nxe4 d5 20. 0-0-0 Rxe4 21. Rhf1 Rd4 22. Qg3 Rc4+ 23. Kb1 Qf6 24. Qb3 Qf5+ 25. Ka1 b6 26. Rc1 Rxc1+ 27. Rxc1 c5 28. Re1 Qd7 29. Qf3 Rd8 30. g4 f5 31. g5 b5 32. h4 d4 33. h5 d3 34. hxg6 hxg6 35. Qh3 b4 36. Rc1 Qd4 37. Rb1 c4 38. Be3 Qxb2+ 39. Rxb2 d2 40. Bxd2 Rxd2 41. Qh1 Rxb2 42. Qa8+ Kh7 43. a3 Rb3+ 44. Ka2 Rxa3+ 45. Kb1 Ra1+ 46. Kc2 b3+ 47. Kd2 b2 48. Ke3 b1Q 0-1

[Event "Oceania zt 3.6"]
[Site "Auckland"]
[Date "2017.01.18"]
[Round "7"]
[White "Jacobs, Hilton"]
[Black "Taylor, Richard"]
[Result "0-1"]
[WhiteElo "1678"]
[BlackElo "1848"]
[PlyCount "68"]
[EventDate "2017.01.14"]
[EventType "swiss"]
[EventRounds "9"]
[EventCountry "NZL"]
[SourceTitle "EXT 2018"]
[Source "ChessBase"]
[SourceDate "2017.10.13"]
[SourceVersion "1"]
[SourceVersionDate "2017.10.13"]
[SourceQuality "1"]

1. Nf3 Nf6 2. e3 c5 3. b3 d5 4. Bb2 Nc6 5. Be2 g6 6. 0-0 Bg7 7. c3 e5 8. d4 e4 9. Nfd2 cxd4 10. cxd4 0-0 11. Nc3 Re8 12. a3 h5 13. b4 Bg4 14. Qb3 Bxe2 15. Nxe2 Qd6 16. Bc3 Ng4 17. g3 Ne7 18. h4 Nf5 19. Nf4 Bh6 20. Qxd5 Bxf4 21. Qxd6 Bxd6 22. Rae1 Rac8 23. Ba1 Rc2 24. Nb3 b6 25. Nc1 Rxf2 26. Ne2 Rxf1+ 27. Kxf1 Nfxe3+ 28. Kg1 Rc8 29. Bc3 f5 30. d5 Kf7 31. Bd4 Be5 32. Bxe5 Nxe5 33. Nd4 N3g4 34. Rd1 Nf3+ 0-1

[Event "Oceania zt 3.6"]
[Site "Auckland"]
[Date "2017.01.14"]
[Round "1"]
[White "Hague, Ben"]
[Black "Taylor, Richard"]
[Result "1/2-1/2"]
[WhiteElo "2333"]
[BlackElo "1848"]
[PlyCount "83"]
[EventDate "2017.01.14"]
[EventType "swiss"]
[EventRounds "9"]
[EventCountry "NZL"]
[SourceTitle "CBM 176 Extra"]
[Source "ChessBase"]
[SourceDate "2017.03.02"]
[SourceVersion "1"]
[SourceVersionDate "2017.03.02"]
[SourceQuality "1"]

1. e4 c5 2. Nf3 Nc6 3. d4 cxd4 4. Nxd4 Nf6 5. Nc3 d6 6. Bg5 Bd7 7. Qd2 a6 8. 0-0-0 b5 9. Bxf6 gxf6 10. Kb1 h5 11. Nf5 Bxf5 12. exf5 Bh6 13. f4 Rc8 14. g3 Ne5 15. Nd5 Nc4 16. Bxc4 bxc4 17. Rhe1 c3 18. Nxc3 0-0 19. Nd5 Re8 20. Qe2 Kf8 21. Qxh5 Bg7 22. Qf3 e6 23. Ne3 Qb6 24. Re2 Rb8 25. b3 d5 26. h4 d4 27. Nc4 Qc5 28. Qd3 e5 29. Rf1 e4 30. Rxe4 Rxe4 31. Qxe4 Qxc4 32. Rd1 Qb5 33. Qxd4 Kg8 34. g4 Qe2 35. Rg1 Rc8 36. Qd1 Qh2 37. g5 Rxc2 38. gxf6 Rb2+ 39. Kc1 Rc2+ 40. Kb1 Rb2+ 41. Kc1 Rc2+ 42. Kb1 1/2-1/2

[Event "Auckland CC-ch"]
[Site "Auckland"]
[Date "2016.07.18"]
[Round "4"]
[White "Eade, Don"]
[Black "Taylor, Richard"]
[Result "1-0"]
[WhiteElo "1837"]
[BlackElo "1866"]
[PlyCount "51"]
[EventDate "2016.06.27"]
[EventType "tourn"]
[EventRounds "9"]
[EventCountry "NZL"]
[SourceTitle "EXT 2018"]
[Source "ChessBase"]
[SourceDate "2017.10.13"]
[SourceVersion "1"]
[SourceVersionDate "2017.10.13"]
[SourceQuality "1"]

1. e4 c5 2. Nc3 Nc6 3. g3 g6 4. Bg2 Bg7 5. d3 d6 6. f4 Nf6 7. Nf3 Bd7 8. Be3 Rb8 9. 0-0 b5 10. h3 0-0 11. Qe1 Qc7 12. g4 e6 13. Qh4 h5 14. f5 exf5 15. exf5 b4 16. Ne4 Nxe4 17. dxe4 Qd8 18. Bg5 f6 19. fxg6 fxg5 20. Qxh5 Rf4 21. Nxg5 Qf6 22. Qh7+ Kf8 23. Rxf4 Qxf4 24. Rf1 Qxf1+ 25. Bxf1 Nd4 26. Bc4 1-0

[Event "George Trundle Reserves"]
[Site "Auckland"]
[Date "2016.07.09"]
[Round "1"]
[White "Mukkattu, Philip"]
[Black "Taylor, Richard"]
[Result "1/2-1/2"]
[WhiteElo "1658"]
[BlackElo "1866"]
[PlyCount "82"]
[EventDate "2016.07.09"]
[EventType "tourn"]
[EventRounds "9"]
[EventCountry "NZL"]
[SourceTitle "EXT 2018"]
[Source "ChessBase"]
[SourceDate "2017.10.13"]
[SourceVersion "1"]
[SourceVersionDate "2017.10.13"]
[SourceQuality "1"]

1. d4 Nf6 2. c4 e6 3. Nc3 Bb4 4. Qc2 d5 5. Nf3 Bxc3+ 6. bxc3 c5 7. e3 Nc6 8. Be2 0-0 9. 0-0 b6 10. Ba3 dxc4 11. Bxc4 Na5 12. Be2 Qc7 13. e4 Bb7 14. e5 Nd5 15. Ng5 g6 16. Qd2 h6 17. Ne4 Kg7 18. c4 Ne7 19. Nd6 Rad8 20. dxc5 bxc5 21. Qe3 Nf5 22. Nxf5+ exf5 23. Bxc5 Rfe8 24. Bd6 Qc6 25. Bf3 Qxc4 26. Rfc1 Qa4 27. Qxa7 Ra8 28. Qb6 Bxf3 29. gxf3 Qh4 30. Qc7 Qg5+ 31. Kh1 Qf4 32. Qc3 Kh7 33. Qe3 Qh4 34. f4 g5 35. Qg3 Qh5 36. Rc7 gxf4 37. Qxf4 Rg8 38. e6 Rg7 39. exf7 Rxf7 40. Rxf7+ Qxf7 41. f3 Qd5 1/2-1/2

[Event "NZL-ch op 123rd"]
[Site "Auckland"]
[Date "2016.01.06"]
[Round "5"]
[White "Chan, Kim Yew"]
[Black "Taylor, Richard"]
[Result "1-0"]
[WhiteElo "2019"]
[BlackElo "1888"]
[PlyCount "53"]
[EventDate "2016.01.02"]
[EventType "swiss"]
[EventRounds "9"]
[EventCountry "NZL"]
[SourceTitle "CBM 170 Extra"]
[Source "ChessBase"]
[SourceDate "2016.02.25"]
[SourceVersion "1"]
[SourceVersionDate "2016.02.25"]
[SourceQuality "1"]

1. d4 Nf6 2. c4 e6 3. g3 d5 4. Nf3 c6 5. Bg2 dxc4 6. Ne5 Bb4+ 7. Nc3 0-0 8. 0-0 c5 9. dxc5 Bxc5 10. Qxd8 Rxd8 11. Bg5 Nc6 12. Nxc4 Bd7 13. Rad1 Be7 14. Bf4 Be8 15. Bd6 Bxd6 16. Nxd6 Rab8 17. b3 Kf8 18. Nxe8 Kxe8 19. Nb5 Rxd1 20. Rxd1 a6 21. Bxc6+ bxc6 22. Nc7+ Ke7 23. Nxa6 Rb6 24. Nc5 Nd5 25. e4 Nc3 26. Rd7+ Kf6 27. Rd3 1-0